00453nam a2200181Ia 450000500170000000800410001702000230005804000190008104100120010008200170011210000210012924500320015026000280018230000090021065000230021965100190024285000100026120230322104257.0131103s9999 xx 000 0 und d a81854791295cRs.30 aLoreto College aEnglish a891.441bMAJ aMajumdar, Aveek  aLyricbahinicAveek Majumdar aCalcuttabAnustupc2004 a64p  aBengali Literature aBengali Poetry aLCLIB